Stav a výhľad konvergenčného procesu v krajinách V4

Plnenie maastrichtských kritérií v krajinách V4. Fiškálna konsolidácia v aktualizovaných konvergenčných programoch krajín V4. Pokračovanie konvergencie aj po vstupe do eurozóny. Význam prílevu priamych zahraničných investícií do krajín V4.

Saved in:
Bibliographic Details
Main Author: Paulík, Tibor
Format: Book Chapter
Language:Slovak
Subjects:
Tags: Add Tag
No Tags, Be the first to tag this record!

MARC

LEADER 00000naa$a2200000$$$4500
001 0052210
005 20231107114805.9
041 0 |a slo 
044 |a CZ 
245 1 0 |a Stav a výhľad konvergenčného procesu v krajinách V4  |c Tibor Paulík 
520 |a Plnenie maastrichtských kritérií v krajinách V4. Fiškálna konsolidácia v aktualizovaných konvergenčných programoch krajín V4. Pokračovanie konvergencie aj po vstupe do eurozóny. Význam prílevu priamych zahraničných investícií do krajín V4. 
610 2 0 |a konvergencia 
610 2 0 |a eurozóna 
610 2 0 |a Vyšehradská štvorka 
610 2 0 |a kritériá rozhodovania 
610 2 0 |a konsolidácia 
100 1 |a Paulík, Tibor